| 000 | 01101fam a2200361 a 4500 | ||
|---|---|---|---|
| 001 | 1854010 | ||
| 003 | OSt | ||
| 005 | 20210811115401.0 | ||
| 008 | 951012s1996 nyua 000 0 eng | ||
| 010 | _a 95045662 | ||
| 020 | _a0070072477 | ||
| 035 | _a(OCoLC)33358221 | ||
| 035 | _a(OCoLC)ocm33358221 | ||
| 035 | _a(NNC)1854010 | ||
| 038 | _akhadija | ||
| 040 |
_aDLC _cDLC _dDLC |
||
| 050 | 0 | 0 |
_aTC160 _b.B9123 1996 |
| 082 | 0 | 0 |
_a627 _220 _bHAN |
| 100 | 1 |
_aBrater, Ernest F. _q(Ernest Frederick), _d1912-2003. _981399 |
|
| 245 | 1 | 0 |
_aHandbook of Hydraulics : _bfor the solution of hydraulic engineering problems\ _cErnest F. Brater, Horace Williams King ; |
| 250 | _a7th ed. | ||
| 260 |
_aNew York : _bMcGraw-Hill, _cc1996. |
||
| 300 |
_a1 v. (various pagings) : _bill. ; _c20 cm. |
||
| 563 | _ahard cover | ||
| 650 | 0 | _aHydraulics. | |
| 650 | 0 |
_aHydraulic engineering. _93526 |
|
| 650 | 0 |
_aMetric system. _981400 |
|
| 700 | 1 |
_aKing, Horace Williams, _d1874-1951. _981401 |
|
| 700 | 1 |
_aLindell, James E. _981402 |
|
| 700 | 1 |
_aWei, C. Y. _981403 |
|
| 942 |
_2ddc _cBK |
||
| 999 |
_c32138 _d32138 |
||